Normal view
MARC view
- Oz Frank
Entry Personal Name
001 - CONTROL NUMBER
- control field: 41522
003 - CONTROL NUMBER IDENTIFIER
- control field: IT-RoPau
005 - DATE AND TIME OF LATEST TRANSACTION
- control field: 20151126171857.0
008 - FIXED-LENGTH DATA ELEMENTS
- fixed length control field: 151126|| aca||aabn | a|a d
040 ## - CATALOGING SOURCE
- Original cataloging agency: IT-RoPau
- Transcribing agency: IT-RoPau
100 ## - HEADING--PERSONAL NAME
- Personal name: Oz Frank
- Miscellaneous information: Codice regista SPICS: 40204
670 ## - SOURCE DATA FOUND
- Source citation: Work cat.: (IT-RoPau)105458: Oz Frank Codice regista SPICS: 40204, MOGLIE A SORPRESA MOGLIE A SORPRESA (Rif. Codice opera principale : C2017)